000 00374nam a2200145Ia 4500
008 230711s9999||||xx |||||||||||||| ||und||
041 _aENG
082 _a621
_bMI-E
100 _aMillman Jacob
245 0 _aElectronic devices and circuits
250 _a1st
260 _c1990
_aNew York
_bTata McGraw Hill Education Limited
650 _aElectronics Engineering
942 _cBK
999 _c499
_d499